书目信息 |
| 题名: |
低碳服装
|
|
| 作者: | 徐帮学 主编 | |
| 分册: | ||
| 出版信息: | 天津 天津人民出版社 2013.09 |
|
| 页数: | 196页 | |
| 开本: | 23cm | |
| 丛书名: | 巅峰阅读文库 | |
| 单 册: | ||
| 中图分类: | TK01 , C913.3 | |
| 科图分类: | ||
| 主题词: | 节能--生活方式--少年读物 , 节能 , 生活方式 | |
| 电子资源: | ||
| ISBN: | 978-7-201-08336-0 | |
| 000 | 01047oam2 2200313 450 | |
| 001 | 0120131168410 | |
| 005 | 20140528104958.87 | |
| 010 | @a978-7-201-08336-0@dCNY25.80 | |
| 100 | @a20131211d2013 em y0chiy0110 ea | |
| 101 | 0 | @achi |
| 102 | @aCN@b120000 | |
| 105 | @aa z 000yy | |
| 106 | @ar | |
| 200 | 1 | @a低碳服装@9di tan fu zhuang@e让你穿得舒服又健康@e典藏版@f徐帮学主编 |
| 210 | @a天津@c天津人民出版社@d2013.09 | |
| 215 | @a196页@c图@d23cm | |
| 225 | 2 | @a巅峰阅读文库@i低碳科普馆 |
| 330 | @a本书主要内容包括:绿色生活呼唤低碳服装;低碳服装业,绿色衣纤维;低碳环保的绿色服装新材料;低碳服装行业的生态染整;我倡导,我践行——低碳衣着等。 | |
| 333 | @a一般读者 | |
| 462 | 0 | @12001 @a低碳科普馆@1701 0@a田永@4主编 |
| 517 | 1 | @a让你穿得舒服又健康@9rang ni chuan de shu fu you jian kang |
| 606 | 0 | @a节能@x生活方式@j少年读物 |
| 606 | 0 | @a节能 |
| 606 | 0 | @a生活方式 |
| 690 | @aTK01@v5 | |
| 690 | @aC913.3@v5 | |
| 701 | 0 | @a徐帮学@9xu bang xue@4主编 |
| 801 | 0 | @aCN@b人天书店@c20131211 |
| 905 | @b547682-84@dTK01@e121@f3 | |
| 低碳服装:让你穿得舒服又健康:典藏版/徐帮学主编.-天津:天津人民出版社,2013.09 |
| 196页:图;23cm.-(巅峰阅读文库.低碳科普馆) |
| 使用对象:一般读者 |
| ISBN 978-7-201-08336-0:CNY25.80 |
| 本书主要内容包括:绿色生活呼唤低碳服装;低碳服装业,绿色衣纤维;低碳环保的绿色服装新材料;低碳服装行业的生态染整;我倡导,我践行——低碳衣着等。 |
| ● |
| 相关链接 |
|
|
|
|
正题名:低碳服装
索取号:TK01/121
 
预约/预借
| 序号 | 登录号 | 条形码 | 馆藏地/架位号 | 状态 | 备注 |
| 1 | 547682 | 205476821 | 第二样本阅览室/ [索取号:TK01/121] | 在馆 | |
| 2 | 547683 | 205476830 | 密集书库-化学系/ [索取号:TK01/121] | 在馆 | |
| 3 | 547684 | 205476849 | 第三借阅区/ [索取号:TK01/121] | 在馆 |